MARC details
| 000 -CABECERA |
| campo de control de longitud fija |
01625nam a2200217 i 4500 |
| 001 - NÚMERO DE CONTROL |
| campo de control |
000028245 |
| 003 - IDENTIFICADOR DEL NÚMERO DE CONTROL |
| campo de control |
DO-SdBNP |
| 005 - FECHA Y HORA DE LA ÚLTIMA TRANSACCIÓN |
| campo de control |
20240229073821.0 |
| 007 - CAMPO FIJO DE DESCRIPCIÓN FÍSICA--INFORMACIÓN GENERAL |
| campo de control de longitud fija |
ta |
| 008 - DATOS DE LONGITUD FIJA--INFORMACIÓN GENERAL |
| campo de control de longitud fija |
110407s2005 dr 000 0 spa d |
| 040 ## - FUENTE DE LA CATALOGACIÓN |
| Centro catalogador/agencia de origen |
DO-SdBNP |
| Lengua de catalogación |
spa |
| Centro/agencia transcriptor |
BNPHU |
| Normas de descripción |
rda |
| 245 00 - MENCIÓN DE TÍTULO |
| Título |
Mujeres de siempre / |
| Mención de responsabilidad, etc. |
presentación Jorge A. Subero Isa. |
| 264 ## - PRODUCCIÓN, PUBLICACIÓN, DISTRIBUCIÓN, FABRICACIÓN Y COPYRIGHT |
| Producción, publicación, distribución, fabricación y copyright |
Santo Domingo : |
| Nombre del de productor, editor, distribuidor, fabricante |
Impresora Azteca, |
| Fecha de producción, publicación, distribución, fabricación o copyright |
2005. |
| 300 ## - DESCRIPCIÓN FÍSICA |
| Extensión |
94 páginas ; |
| Dimensiones |
23 cm. |
| 336 ## - TIPO DE CONTENIDO |
| Fuente |
rdacontent |
| Término de tipo de contenido |
texto |
| Código de tipo de contenido |
txt |
| 337 ## - TIPO DE MEDIO |
| Fuente |
rdamedia |
| Nombre/término del tipo de medio |
sin mediación |
| Código del tipo de medio |
n |
| 338 ## - TIPO DE SOPORTE |
| Fuente |
rdacarrier |
| Nombre/término del tipo de soporte |
volumen |
| Código del tipo de soporte |
nc |
| 505 0# - NOTA DE CONTENIDO CON FORMATO |
| Nota de contenido con formato |
Presentación -- Dedicatoria y agradecimientos -- En defensa de la sociedad/ Salomé Ureña Díaz -- Andrea Evangelina Rodríguez Perozo -- Duarte/ Ercilia Pepín Estrella -- Rosa Duarte Diez -- Una mujer está sola/ Aída Cartagena Portalatín -- Ana Emilia Abigail Mejía Soliere -- A mi patria/ Encarnación Echavarría de Del Monte -- Carmen Josefina Lora Iglesias (Piky) -- Himno a las madres/ Trina de Moya Pérez -- Adriana Billini Gautreau -- 5 Rosas de insomnio/ Melba Marrero -- Ana Teresa Paradas Sánchez -- Retozos de luz/Martha María Lamarche Darnet -- Estación de la tierra/ Milady Félix Miranda -- Margarita A. Tavarez Vidal -- El rito/ Euridice Raquel Canaán Fernádez -- Altagracia Mélida Frómeta Pereyra -- Pena Negra/ Altagracia Saviñón Saviñón -- Iluminada María Lora Peralta -- Oda Heroica a las Mirabal Carmen Natalia Martínez Bonilla -- Minerva Argentina Mirabal Reyes -- Paz de fuga/ Livia Veloz Echevarría -- Minerva Bernardino Evangelista. |
| 700 12 - PUNTO DE ACCESO ADICIONAL--NOMBRE DE PERSONA |
| Nombre de persona |
Subero Isa, Jorge A., |
| Fechas asociadas al nombre |
1947- |
| Término indicativo de función/relación |
presentación |
| 9 (RLIN) |
76863 |
| 942 ## - ELEMENTOS DE PUNTO DE ACCESO ADICIONAL (KOHA) |
| Fuente del sistema de clasificación o colocación |
Dewey Decimal Classification |
| Tipo de ítem Koha |
Libro |